00545nam a2200193 a 4500001001300000003000900013005001700022008004100039020001000080082001300090100003000103245008100133260004300214300000900257500003500266505001000301650001000311700003000321nice12345678IN_TiNIC20260116011941.0050524s1957 lona grp 000 0 eng  ac10000a160bCRA aCrawshay-Williams, Rupert aMethods and Criteria of Reasoningb an Inquiry into the Structure of Controv aLondonbRoutledge and Kegan Paulc1957 a296p aincludes index and biblioraphy2 aIndex aLogic1 aCrawshay-Williams, Rupert